000
00297nam a22001337a 4500
020
_a
0-435-99913-3
082
_a
425
_b
PER/O
100
_a
PERRY,HAYDN
245
_a
ONCE A WEEK COMPREHENSION
260
_a
CHENNAI
_b
GINN & COMPANY
300
_a
63
650
_a
COMPREHENSION
_z
CHENNAI
942
_c
BK
999
_c
3809
_d
3809